Perros perdidos sin collar / (Record no. 44045)

MARC details
000 -LEADER
campo de control de longitud fija 00698nam a2200217 i 4500
001 - NÚMERO DE CONTROL
campo de control 44045
003 - IDENTIFICADOR DE NÚMERO DE CONTROL
campo de control ES-MaACL
005 - FECHA Y HORA DE LA ÚLTIMA TRANSACCIÓN
campo de control 20250911062639.0
007 - CAMPO FIJO DE DESCRIPCIÓN FÍSICA--INFORMACIÓN GENERAL
campo de control de longitud fija t|
008 - DATOS DE LONGITUD FIJA--INFORMACIÓN GENERAL
campo de control de longitud fija 030320s1955 sp ||||1| spa d
100 1# - ENTRADA PRINCIPAL--NOMBRE DE PERSONA
Nombre de persona Cesbron, Gilbert.
9 (RLIN) 37680
245 10 - MENCIÓN DEL TÍTULO
Título Perros perdidos sin collar /
Mención de responsabilidad, etc. Gilbert Cesbron ; [traducción del francés por María Barbeito y Cerviño].
250 ## - MENCION DE EDICION
Mención de edición [1ª ed.].
260 ## - PUBLICACIÓN, DISTRIBUCIÓN, ETC.
Lugar de publicación, distribución, etc. Barcelona :
Nombre del editor, distribuidor, etc. Destino,
Fecha de publicación, distribución, etc. [1955] (
Fabricante Agustín Núñez)
300 ## - DESCRIPCIÓN FÍSICA
Extensión 303 p. ;
Dimensiones 19 cm.
490 1# - MENCIÓN DE SERIE
Mención de serie Ancora y delfín ;
Designación de volumen o secuencia 112
700 1# - ENTRADA AGREGADA--NOMBRE PERSONAL
Nombre de persona Barbeito y Cerviño, María.
9 (RLIN) 25401
830 00 - PUNTO DE ACCESO ADICIONAL DE SERIE-TÍTULO UNIFORME
Título uniforme Áncora y Delfín
Designación de volumen o secuencia 112
9 (RLIN) 151298
852 ## - LOCALIZACIÓN
Ubicación ES-MaACL
Número de control de estantería C-11453
Sublocalización o colección R.37821
Holdings
Estatus retirado Estado de pérdida Estado de daño No para préstamo Biblioteca de origen Biblioteca actual Ubicación en estantería Fecha de adquisición Fuente de adquisición Total de préstamos Signatura topográfica completa Código de barras Visto por última vez Precio de reemplazo Tipo de ítem Koha
        Biblioteca del Ateneo de Madrid Biblioteca del Ateneo de Madrid Sala Palomar 17/01/2008     C-11453 1046358 23/02/2023 23/02/2023 Libro impreso